Pays par images partielles de drapeaux #7 - Statistiques

Statistiques générales
  • Ce quiz a été pris 15 980 fois
  • Le résultat moyen est 12 sur 16
Statistiques - réponses
Par images Réponse % Correct
Irlande
95%
Nigeria
92%
Bangladesh
90%
Irak
89%
Bhoutan
88%
Lettonie
83%
Cameroun
82%
Seychelles
82%
Afghanistan
76%
Honduras
73%
Birmanie
65%
Fidji
65%
Moldavie
63%
Maurice
59%
Belize
43%
Dominique
34%
Aucun quiz correspondant
Distribution des résultats
% des personnes avec chaque résultat
Percentile par nombre de réponses
Votre historique - résultats
Vous n’avez pas pris ce quiz